| 000 | 01708cam a2200457 a 4500 | ||
|---|---|---|---|
| 999 |
_c1616 _d1616 |
||
| 001 | 16842244 | ||
| 003 | GZU | ||
| 005 | 20201020153329.0 | ||
| 008 | 110624s2011 enka b 001 0 eng c | ||
| 010 | _a 2011932875 | ||
| 015 |
_aGBB199540 _2bnb |
||
| 016 | 7 |
_a015874626 _2Uk |
|
| 020 | _a9780857938862 | ||
| 020 | _a085793886X | ||
| 020 | _a9780857938916 (pbk.) | ||
| 020 | _a0857938916 (pbk.) | ||
| 035 | _a(OCoLC)ocn751752275 | ||
| 040 |
_aUKMGB _beng _cUKMGB _dBTCTA _dYDXCP _dCDX _dGUL _dOUN _dUTO _dBWX _dNDL _dDEBBG _dDLC |
||
| 042 | _apcc | ||
| 043 | _ad------ | ||
| 050 | 0 | 0 |
_aHC59.7 _b.TRE 2011 |
| 100 | 1 |
_aTrebilcock, M. J. _eauthor |
|
| 245 | 1 | 0 |
_aWhat makes poor countries poor? : _binstitutional determinants of development / _cMichael J. Trebilcock, Mariana Mota Prado. |
| 260 |
_aCheltenham, Glos, UK ; _aNorthampton, MA. : _bEdward Elgar, _cc2011. |
||
| 300 |
_aviii, 286 p. : _bill. ; _c24 cm. |
||
| 504 | _aIncludes bibliographical references and index. | ||
| 650 | 0 |
_aEconomic development _zDeveloping countries. |
|
| 650 | 0 | 7 |
_aDemokratie. _2swd |
| 650 | 0 | 7 |
_aEntwicklungstheorie. _2swd |
| 650 | 0 | 7 |
_aInstitutionalismus. _2swd |
| 650 | 0 | 7 |
_aRechtspolitik. _2swd |
| 650 | 0 | 7 |
_aRechtsstaat. _2swd |
| 650 | 0 | 7 |
_aTheorie. _2swd |
| 651 | 0 |
_aDeveloping countries _xEconomic conditions _y21st century. |
|
| 700 | 1 |
_aPrado, Mariana Mota. _eauthor |
|
| 856 |
_uhttp://bvbr.bib-bvb.de:8991/F?func=service&doc_library=BVB01&doc_number=024491105&line_number=0001&func_code=DB_RECORDS&service_type=MEDIA _zInhaltsverzeichnis |
||
| 906 |
_a7 _bcbc _cpccadap _d2 _encip _f20 _gy-gencatlg |
||
| 942 |
_2lcc _cBK _h59.7 _iTRE _kHC |
||